Word Scramble Chain - 7 Letter Geography - Statistics

General Stats
  • This quiz has been taken 94 times
  • The average score is 10 of 21
Answer Stats
Scramble Answer % Correct
kedmanr Denmark
90%
ghayrun Hungary
82%
uuugrya Uruguay
78%
aaroimn Romania
76%
wen kory New York
73%
derilna Ireland
70%
aucoerd Ecuador
63%
andlice Iceland
61%
roarand Andorra
58%
baamini Namibia
57%
ioanbri Nairobi
56%
nygezta Yangtze
51%
neyraev Yerevan
49%
rsageli Algiers
41%
énoinur Réunion
34%
predine Dnieper
30%
kksiuoh Shikoku
23%
neeeisy Yenesei
19%
jiaband Abidjan
18%
shikran Krishna
13%
onykelt Kotelny
1%
No matching quizzes found
Score Distribution
Percent of People with Each Score
Percentile by Number Answered
Your Score History
You have not taken this quiz